The stars : the definitive visual guide to the ... Read More
Available copies
- 2 of 2 copies available at LARL/NWRL Consortium.
- 1 of 1 copy available at Lake Agassiz Regional Library. (Show preferred library)
Current holds
0 current holds with 2 total copies.
Show Only Available Copies
| Location | Call Number / Copy Notes | Barcode | Shelving Location | Status | Due Date |
|---|---|---|---|---|---|
| Fosston Public Library | 523.8 DIN (Text) | 33500012306353 | Main | Available | - |
| Thief River Falls Public Library | 523.8 DIN (Text) | 35500005901077 | Main | Available | - |
Record details
- ISBN: 1465453407 :
- ISBN: 9781465453402 :
- Physical Description: 256 pages : illustrations (chiefly color) ; 31 cm
- Edition: First American edition.
- Publisher: New York, New York : DK Publishing, 2016.
Content descriptions
| General Note: | At head of title: DK. Includes index. |
| Formatted Contents Note: | Understanding the Cosmos -- The Constellations -- ... Read More |
| Summary, etc.: | "The definitive visual guide to exploring all the ... Read More |
Search for related items by subject
| Subject: | Stars Constellations. |
| LDR | 02910cam a2200469Ii 4500 | ||
|---|---|---|---|
| 001 | 215695 | ||
| 003 | LARL_NWRL_CONSORTIUM | ||
| 005 | 20161024124700.0 | ||
| 008 | 160128s2016 nyua 001 0 eng d | ||
| 020 | . | ‡a1465453407 : ‡c$30.00 | |
| 020 | . | ‡a9781465453402 : ‡c$30.00 | |
| 035 | . | ‡a(OCoLC)936192299 | |
| 082 | 0 | 4. | ‡a523.8 ‡223 |
| 100 | 1 | . | ‡aDinwiddie, Robert, ‡d1953- ‡eauthor. ‡0(LARL_NWRL_CONSORTIUM)224014 |
| 245 | 1 | 4. | ‡aThe stars : ‡bthe definitive visual guide to the cosmos / ‡cauthors, Robert Dinwiddie, David W. Hughes, Geraint Jones, Ian Ridpath, Carole Stott, Giles Sparrow. |
| 246 | 3 | 0. | ‡aDefinitive visual guide to the cosmos |
| 246 | 3 | . | ‡aDK the stars |
| 250 | . | ‡aFirst American edition. | |
| 264 | 1. | ‡aNew York, New York : ‡bDK Publishing, ‡c2016. | |
| 300 | . | ‡a256 pages : ‡billustrations (chiefly color) ; ‡c31 cm | |
| 336 | . | ‡atext ‡btxt ‡2rdacontent | |
| 336 | . | ‡astill image ‡bsti ‡2rdacontent | |
| 337 | . | ‡aunmediated ‡bn ‡2rdamedia | |
| 338 | . | ‡avolume ‡bnc ‡2rdacarrier | |
| 500 | . | ‡aAt head of title: DK. | |
| 500 | . | ‡aIncludes index. | |
| 505 | 0 | . | ‡aUnderstanding the Cosmos -- The Constellations -- The Solar System -- Reference. |
| 520 | . | ‡a"The definitive visual guide to exploring all the marvels of the stars, the Milky Way, and the universe beyond. Chart the wonders of the cosmos in our own solar system and beyond with The Stars. Packed with 3-D artworks of each constellation and incredible new imagery from the Hubble Space Telescope, ground-based observatories worldwide, and more, this awe-inspiring guide features the most fascinating objects known to astronomy, from glittering star-birth nebulae to supermassive black holes. The position, size, and color of every night-sky object is revealed with unprecedented clarity, and a specially commissioned 3-D model of the celestial sphere that surrounds our planet charts all 88 constellations, together forming a complete map of the sky. From the Big Bang to the search for extraterrestrial life, key areas in astronomy and cosmology are covered, and colorful infographics distill a wealth of data into an easy-to-digest visual format. Whether you want to know more about space and the night sky or are eager to take up stargazing, The Stars is your guide to exploring these fascinating marvels of the universe,"--Amazon.com. | |
| 650 | 0. | ‡aStars ‡0(LARL_NWRL_CONSORTIUM)31836 | |
| 650 | 0. | ‡aConstellations. ‡0(LARL_NWRL_CONSORTIUM)17517 | |
| 700 | 1 | . | ‡aHughes, David W. ‡q(David Wolstenholme), ‡d1941- ‡eauthor. |
| 700 | 1 | . | ‡aJones, Geraint H., ‡eauthor. |
| 700 | 1 | . | ‡aRidpath, Ian, ‡eauthor. ‡0(LARL_NWRL_CONSORTIUM)45739 |
| 700 | 1 | . | ‡aStott, Carole, ‡eauthor. ‡0(LARL_NWRL_CONSORTIUM)91677 |
| 700 | 1 | . | ‡aSparrow, Giles, ‡d1970- ‡eauthor. ‡0(LARL_NWRL_CONSORTIUM)220866 |
| 901 | . | ‡a215695 ‡bOCoLC ‡c215695 ‡tbiblio ‡soclc | |

Add to basket
Permalink
Disable Highlighting